000 00469nam a2200205Ia 4500
008 170918s9999 xx 000 0 und d
020 _a9780545399340
050 _bN765 2011
100 _aNoel, Alyson
245 _aShimmer :
245 _ba Riley Bloom book /
245 _cby Alyson Noel.
260 _aNew York :
260 _bScholastic,
260 _c2011
300 _a196 pages :
300 _billustrations ;
300 _c19cm.
500 _a1120
999 _c343286
_d343286